[Event "Vanya Somov Memorial 2018"]
[Site "Kirishi"]
[Date "2018.05.23"]
[Round "8.5"]
[White "Murzin, Volodar"]
[Black "Hakobyan, Aram"]
[Result "1/2-1/2"]
[WhiteElo "2302"]
[BlackElo "2542"]
[Annotator "TA"]
[PlyCount "145"]
[EventDate "2018.05.15"]
[EventType "tourn"]
[EventRounds "11"]
[EventCountry "RUS"]

{[%evp 12,145,4,-31,31,-30,0,-36,21,-52,25,-33,0,-50,-34,-50,-4,-57,-14,-87,-33,-49,-42,-51,36,-5,-10,-17,-14,-23,-13,-56,42,15,14,0,0,0,3,0,0,-34,-10,-43,-45,-41,-33,-32,12,36,36,17,0,0,0,-25,35,35,35,36,55,56,114,104,110,129,116,113,158,150,150,0,131,130,151,151,151,0,151,0,150,0,129,0,105,105,127,99,84,84,79,0,60,30,68,30,30,30,132,22,440,440,429,418,410,400,396,396,491,0,385,385,391,388,386,337,313,202,194,159,161,170,150,140,364,364,334,335,411,409,299,0,46,46,46,46]} 1. e4 c6 {[%cal Bc7c6,Bc6c5][%mdl 32]} 2. Nf3 d5 3. Nc3 Nf6 4. e5 Ne4 5. d4 Nxc3 6. bxc3 {B11: Caro-Kann: Two Knights Variation} c5 7. Bd3 {LiveBook: 6 Games} (7. Rb1 Nc6 8. dxc5 e6 9. Bd3 Bxc5 10. O-O h6 11. Qe2 O-O 12. c4 Nb4 13. Be3 Nxd3 14. cxd3 Bxe3 15. Qxe3 dxc4 16. dxc4 {½-½ (32) Short,N (2698)-Tari,A (2588) Douglas 2017}) 7... Nc6 (7... c4 $15 8. Be2 Nc6) 8. h3 $146 (8. dxc5 $14 e6 9. Be3) ({Predecessor:} 8. O-O Bg4 9. Rb1 Qd7 10. Be2 e6 11. Ba3 Be7 12. Re1 cxd4 13. Bxe7 Qxe7 14. cxd4 {0-1 (33) Daskalov,D (2338)-Yuffa,D (2485) Porto Carras 2015}) 8... e6 9. O-O Be7 (9... c4 $15 10. Be2 Be7) 10. Be3 (10. dxc5 $11 Bxc5 11. c4) 10... Qa5 (10... c4 $15 11. Be2 O-O) 11. a4 (11. dxc5 $11 Qxc3 12. Rb1) 11... Bd7 12. Qb1 Rb8 13. Qb2 O-O 14. Rfb1 (14. dxc5 $11 Bxc5 15. Nd4) 14... Rfc8 (14... c4 $5 {[%cal Rc4d3]} 15. Be2 h6 $15) 15. Bd2 (15. dxc5 $11 Bxc5 16. Nd4) 15... Qc7 (15... c4 $17 16. Be2 h6) 16. Qc1 $15 c4 17. Be2 f6 (17... Qd8 $15) 18. Bf4 {Black should prevent exf6.} f5 19. Qe3 Be8 20. g3 Nd8 21. Kh2 h6 (21... a5 $15) 22. h4 Bh5 23. Nd2 Bxe2 24. Qxe2 Nc6 25. Qh5 Bf8 26. Rg1 Qf7 27. Qf3 b5 28. axb5 Rxb5 29. Nf1 h5 30. Ne3 a5 31. Bg5 Rb2 32. Rgc1 g6 33. Ng2 Be7 ({Better is} 33... Ra8 $1 $11) 34. Bxe7 $14 Qxe7 35. Nf4 Kg7 36. Qd1 Rcb8 (36... Rb6 $14) 37. Rcb1 $16 Kf7 38. Rxb2 $1 Rxb2 39. Qc1 Rb5 40. Nh3 {Strongly threatening Qh6.} Kg7 41. Nf4 (41. Kg2 $16) 41... Nd8 (41... Kf7 $1 $11) 42. Ra2 Kh7 43. Nh3 Nf7 44. Nf4 Nd8 $1 45. Nh3 $2 (45. Kg2 $16) 45... Kg7 (45... Nf7 $1 $11) 46. Nf4 (46. Kg2 $16) 46... Nc6 (46... Kh7 $1 $11) 47. Nh3 (47. Rb2 $16 Rxb2 48. Qxb2) 47... Rb8 (47... Nd8 $1 $11) 48. Ng5 Rb6 49. Qa3 Ra6 50. Qb2 {Threatens to win with Qb5.} Qd7 51. Qa3 (51. Qb5 $16 Ra7 52. Kg2) 51... a4 (51... Qe7 $11) 52. Qb2 Nd8 53. Qb4 Nf7 54. Nh3 Qa7 (54... Nd8 $11 {remains equal.}) 55. Nf4 (55. Qb5 $1 $16) 55... Nxe5 $2 {[%mdl 8192]} (55... Nd8 $11 {and Black stays safe.}) 56. dxe5 $18 Qxf2+ 57. Ng2 {Qb7+ is the strong threat.} Qa7 58. Ra3 Kf7 59. Qb5 Ra5 60. Qb4 Ra6 $1 61. Kh1 Qc7 62. Rxa4 Rxa4 63. Qxa4 Qxe5 64. Qa7+ Kf6 65. Qa8 {[%cal Ra8f8]} Kf7 {[#]} 66. Qb7+ $1 Kf6 67. Qc8 {[%cal Rc8f8]} Kg7 $2 (67... Qe2 $16 68. Qf8+ Ke5) 68. Nf4 Qe4+ 69. Kg1 Qe1+ {[#]} 70. Kg2 $1 Qe4+ 71. Kg1 $2 ({White should try} 71. Kf2 $18) 71... Qe1+ $14 72. Kh2 Qf2+ $1 73. Ng2 {Precision: White = 39%, Black = 32%.} 1/2-1/2

[Event "Vanya Somov Memorial 2018"]
[Site "Kirishi"]
[Date "2018.05.24"]
[Round "9.1"]
[White "Zarubitski, Viachaslau"]
[Black "Shubin, Kirill"]
[Result "0-1"]
[WhiteElo "2435"]
[BlackElo "2317"]
[Annotator "TA"]
[PlyCount "122"]
[EventDate "2018.05.15"]
[EventType "tourn"]
[EventRounds "11"]
[EventCountry "RUS"]

{[%evp 12,122,22,27,87,86,77,64,104,64,58,51,135,128,122,103,106,77,79,84,81,47,48,48,48,43,70,0,38,0,0,-127,-121,-116,-114,-115,-118,-116,-115,-106,-100,-91,-106,-102,-103,-189,-197,-208,-207,-176,-154,-138,-118,-103,-50,-36,-36,-190,-186,-214,-213,-198,-141,-141,-147,-148,-147,-163,-133,-133,-133,-133,-133,-145,-85,-145,-144,-155,-102,-127,-127,-127,-127,-216,-127,-127,0,-85,-85,-116,-85,-85,-85,-85,-85,-584,-543,-431,-177,-956,-864,-5712,-5222,-29953,-29957,-29956,-29959,-29958,-29956,-29960,-29953,-12665,-10685]} 1. Nf3 Nf6 2. g3 b5 3. Bg2 Bb7 4. Na3 a6 5. c4 e5 (5... b4 6. Nc2 e6 7. O-O Be7 8. d4 Be4 9. a3 bxa3 10. b3 O-O 11. Bxa3 d6 12. Ne3 c6 13. Qd2 Nbd7 14. Nd1 Qb6 15. Nc3 Qxb3 16. Ne5 dxe5 17. Bxe7 exd4 18. Nxe4 Nxe4 19. Bxe4 Rfe8 20. Bxc6 Ra7 21. Qxd4 {1-0 (21) Nakamura,H (2793)-Oparin,G (2604) Zuerich 2017}) 6. b3 {A05: Réti Opening: 1 Nf3 Nf6} e4 7. Nh4 {LiveBook: 3 Games} Ng4 (7... d5 $11) 8. Bb2 $146 {White is better.} ({Predecessor:} 8. Qc2 Qf6 9. O-O Qxa1 10. Bb2 Qxa2 11. Ra1 Qxa1+ 12. Bxa1 Bxa3 13. cxb5 {1-0 (42) Mirumian,V (2505)-Kachiani Gersinska,K (2425) Berlin 1999}) 8... Be7 9. h3 $1 {[%cal Rh3g4]} (9. cxb5 Bxh4 10. Bxg7 Rg8 $17) (9. Bxg7 Rg8 $17) 9... Bxh4 10. hxg4 (10. Bxg7 $2 Nxf2 $1 {[%mdl 512]} 11. Kxf2 Qg5 $1 $19 {[%mdl 512]}) (10. gxh4 {looks sharper.} Nf6 11. d3 Qe7 12. Rg1 Nc6 13. dxe4 Ne5 14. Qd4) 10... Bf6 11. Qb1 Kf8 (11... Bxb2 $14 12. Qxb2 O-O) 12. Nc2 {[%cal Ba3c2,Bc2e3,Be3d5][%mdl 32]} ({But not} 12. cxb5 d5 $14) 12... d6 13. Ne3 Nd7 {[%cal Bb8d7,Bd7c5,Bc5d3][%mdl 32]} 14. Nd5 (14. d4 {keeps more tension.} Qe7 15. Nf5 Qe8 16. Qc2 g6 17. Ne3) 14... Bxb2 15. Qxb2 bxc4 16. bxc4 Bxd5 17. cxd5 Nc5 18. Qd4 Qe7 19. Rb1 (19. f3 $1 $14) 19... Re8 20. Rb4 f6 21. f3 {[#]} (21. Rc4 $11) 21... Nd3+ $1 $17 {[%mdl 512]} 22. exd3 exf3+ 23. Qe3 fxg2 24. Rg1 Qd7 25. Re4 Kf7 26. Kf2 Rxe4 27. dxe4 Qxg4 {[%mdl 4096] Endgame KQR-KQR} 28. Rc1 (28. Kxg2 $17 {was worth a try.} Rb8 29. Qf3) 28... Re8 $19 29. Rxc7+ Kg8 30. Rc4 Qh3 {Strongly threatening ...Qh2.} 31. Qf3 {[#]} f5 $1 {[%mdl 512] White must now prevent ...f4!} 32. Qxg2 (32. exf5 g1=Q+) 32... Qxg2+ (32... Qh6 $17 33. Kg1 Qg5) 33. Kxg2 $15 Rxe4 $17 {KR-KR} 34. Rc8+ $2 (34. Rc6 $1 $15) 34... Kf7 $19 35. Rc7+ Kf6 36. Rd7 Re2+ (36... Ke5 $19 37. Kf2 Rd4) 37. Kf3 $17 Rxd2 {aiming for ...Rd3+.} 38. Rxd6+ Ke5 39. Rxa6 Rd3+ ({Stronger than} 39... Kxd5 40. Ra7 $11) 40. Kf2 Rxd5 ({Much worse is} 40... Kxd5 $6 41. Ra7 $11) 41. Ra7 Kf6 42. Ra6+ Ke7 (42... Kg5 $142 43. Ra7 Kf6) 43. Ra7+ {[#]} ({White should try} 43. Ke3) 43... Rd7 $1 {[%cal Rd7a7]} 44. Ra6 Rd6 ({Better is} 44... Rd4 45. Ke3 Rg4) 45. Ra7+ Kf6 46. Ke3 h5 47. Ra8 (47. Ra4 $17) 47... Kg5 (47... Re6+ $19 48. Kf4 g5+ 49. Kf3 {[#]} f4 $1 {[%mdl 512]} 50. gxf4 g4+ 51. Kg2 Re2+ 52. Kg1 Re3) 48. Ra4 Kf6 ({Black should play} 48... Rc6 $17 49. Kd2 Rd6+ 50. Kc2 Rg6) 49. Rh4 (49. Ra8 $1 $11 {keeps the balance.}) 49... g6 50. a4 Rd1 51. Rb4 Ra1 52. Rb6+ Kg5 53. Ra6 $2 {[%mdl 8192]} (53. Rb4 $17 {was the crucial defense.}) 53... Ra2 54. Kf3 Rh2 (54... Rc2 $142 55. Ke3 Rc3+ 56. Kf2 Rc4) 55. Ra8 $2 (55. Re6) 55... Rh3 $19 56. a5 h4 {[%cal Bh5h4,Bh4h3,Bh3h2][%mdl 32]} 57. a6 Rxg3+ 58. Kf2 Ra3 59. a7 h3 60. Kg1 Ra2 61. Kh1 h2 {Precision: White = 35%, Black = 62%.} 0-1

[Event "Vanya Somov Memorial 2018"]
[Site "Kirishi"]
[Date "2018.05.24"]
[Round "9.3"]
[White "Shevchenko, Kirill"]
[Black "Murzin, Volodar"]
[Result "1-0"]
[WhiteElo "2569"]
[BlackElo "2302"]
[Annotator "TA"]
[PlyCount "227"]
[EventDate "2018.05.15"]
[EventType "tourn"]
[EventRounds "11"]
[EventCountry "RUS"]

{[%evp 22,227,29,21,25,33,28,32,43,43,43,43,45,43,102,93,110,104,130,67,78,0,124,132,116,64,59,52,57,6,11,5,5,5,12,12,12,12,12,12,14,0,12,12,12,12,12,0,12,0,0,0,0,0,0,0,0,0,0,0,6,0,0,0,5,0,6,0,0,0,0,0,132,132,132,132,132,132,147,132,141,155,211,194,203,195,185,175,202,224,429,435,445,437,416,429,444,429,429,404,429,425,421,318,429,429,429,429,445,425,425,425,423,427,426,383,406,416,414,400,443,443,443,445,437,422,429,429,412,408,420,411,385,393,441,434,456,434,512,500,516,483,561,562,574,502,612,539,544,437,435,0,536,518,512,471,470,467,452,430,404,292,635,592,770,594,554,508,533,525,699,679,841,810,871,846,924,854,803,791,683,720,759,760,709,653,758,758,752,735,956,826,1196,1385,1418,1343,1387,1377,1209,1025,2572,2430,2414,2481,29979,29970,29976,29977]} 1. e4 c5 2. Nf3 d6 3. Bb5+ Bd7 4. Bxd7+ Qxd7 5. c4 Nf6 6. Nc3 g6 7. d4 cxd4 8. Nxd4 Bg7 9. f3 O-O 10. Be3 Nc6 11. O-O a6 12. Qd3 {LiveBook: 13 Games. B52: Sicilian: Moscow Variation with 3...Bd7} (12. Na4 Rab8 13. Nxc6 Qxc6 14. Nb6 Nd7 15. Nxd7 Qxd7 16. Rf2 b5 17. c5 Qa7 18. Rc1 dxc5 19. Bxc5 Qc7 {1-0 (50) Caruana,F (2807)-Kasparov,G (2812) Saint Louis 2017}) 12... Rab8 13. Nxc6 {[#]} Qxc6 $146 ({Predecessor:} 13... bxc6 14. b3 Qb7 15. Rad1 Nd7 16. f4 Rbd8 17. Na4 Qc7 18. Qc2 c5 19. Nc3 Qb7 {½-½ (33) Tabatabaei,M (2592)-Ghaem Maghami,E (2530) Bushehr 2018}) 14. Rac1 {White has an edge.} Nd7 15. b3 Nc5 16. Qd2 Rfe8 17. Rfd1 Ne6 (17... Bxc3 $14 18. Qxc3 (18. Rxc3 Ne6 $14) 18... Ne6) 18. Nd5 $16 Rbd8 19. Qf2 Rc8 20. Nb6 (20. b4 $16) 20... Rcd8 21. Nd5 Rc8 $1 22. b4 Rb8 23. Qc2 (23. h3 $16) 23... Nc7 $1 $14 24. Qb3 Nxd5 $1 25. cxd5 ({White should play} 25. exd5 $14 Qc7 26. c5) 25... Qd7 $11 26. Rc4 Rbc8 27. Rdc1 h5 28. Qc2 {[%cal Rc4c8]} Rxc4 29. Qxc4 Bf6 30. Kf2 {[%cal Bg1f2,Bf2e2,Be2d1,Bd1c1,Bc1b2][%mdl 32]} Kg7 31. Ke2 Be5 32. h3 Bf6 33. Rc2 h4 34. Kd1 Kg8 35. Kc1 (35. Bd2 {seems wilder.} Be5 36. Bc1 Kg7 37. Be3 Bf6 38. Ke2) 35... Kg7 36. Bd4 Bxd4 37. Qxd4+ {[%mdl 4096] Endgame KQR-KQR} f6 38. Qc4 Kf7 39. Kb2 Qa4 40. a3 g5 41. Qd3 {Strongly threatening Rc7.} Qd7 42. Qc4 Qa4 43. Ka2 Kg7 44. Qc7 Kf7 45. Rc1 Qb5 46. Rc4 Qa4 (46... a5 $11 {keeps the balance.}) 47. Qxb7 $16 Qd1 {White must now prevent ...Qe2+.} 48. Qc7 Qd3 49. Rc3 Qd1 50. Rc1 Qd3 51. Qc3 Qe2+ (51... Qb5 $16 52. Qc4 Qb7) 52. Rc2 $18 Qd1 53. Qd2 $1 {[%cal Rd2d1]} Qg1 54. Qf2 Qd1 {[#]} 55. Qe2 $1 {[%cal Re2d1]} Qd4 $2 (55... Qxe2 56. Rxe2 Rc8) 56. Qxa6 Qd1 57. Qe2 Qg1 58. Qf2 Qd1 59. Kb2 Ra8 60. Rd2 Qa4 61. Qe3 Rc8 62. Qb3 Qb5 63. Rc2 Ra8 64. Qc4 Qb6 65. Qc6 Qd4+ 66. Qc3 Qb6 67. Qd3 Kg7 68. Rc6 Qf2+ {[#]} 69. Qc2 $1 {[%cal Rc2f2]} ({Less strong is} 69. Rc2 Qb6 $18) 69... Qd4+ 70. Rc3 Kh6 71. Qd3 Qg1 72. Rc2 Qb6 73. Qd2 Kg7 74. Rc6 Qa7 75. Rc3 Kf7 76. Qe3 Qa6 77. Qd3 Qa7 78. b5 Kg7 79. Qc2 Qd4 80. Ka2 Rb8 81. Rb3 Kh6 82. Rb4 Qg1 83. a4 Qb6 84. Rc4 Ra8 85. Kb2 Qe3 86. Ka2 Qb6 $1 {If Black can now play ...Qxb5 this consolidates a bit.} 87. Qb2 Kg7 88. Kb3 Qe3+ 89. Qc3 Qg1 90. Qc2 Kh6 91. Rc8 Ra7 $2 {[#]} (91... Rxc8 92. Qxc8 Kg7) 92. e5 $1 {Rh8+ would kill now.} Qe3+ (92... dxe5 93. Rh8+) 93. Ka2 {White wants to mate with Rh8+.} f5 94. exd6 exd6 95. Rc4 Qe5 96. Qd2 Qe8 {If only Black now had time for ...Qxb5....} 97. Kb3 Kh5 98. Qc3 Qa8 99. Qf6 Qxd5 100. Qh8+ Kg6 101. Qd4 Qf7 102. Qxd6+ Kh5 103. Qd4 Rd7 104. Qh8+ Kg6 105. Kc3 {Threatening mate with Rc6+.} Rc7 106. Qd4 {aiming for Qd6+.} Kh5 107. b6 Rxc4+ 108. Qxc4 {KQ-KQ} Qf6+ 109. Qd4 Qe6 110. a5 Qa2 111. Kb4 Qb1+ 112. Kc5 Qc2+ 113. Qc4 Qb2 114. Kc6 {Precision: White = 69%, Black = 43%.} 1-0

[Event "Vanya Somov Memorial 2018"]
[Site "Kirishi"]
[Date "2018.05.24"]
[Round "9.4"]
[White "Lobanov, Sergei"]
[Black "Kacharava, Nikolozi"]
[Result "1-0"]
[WhiteElo "2515"]
[BlackElo "2392"]
[Annotator "TA"]
[PlyCount "59"]
[EventDate "2018.05.15"]
[EventType "tourn"]
[EventRounds "11"]
[EventCountry "RUS"]

{[%evp 21,59,14,21,-5,15,0,0,0,118,111,318,335,579,587,602,598,583,601,572,556,766,791,772,768,706,642,769,761,750,726,837,829,805,831,831,812,812,794,1154,1148]} 1. e4 d6 2. d4 Nf6 3. Nc3 e5 4. Nf3 Nbd7 5. Bc4 Be7 6. O-O O-O 7. a4 a5 8. Re1 c6 9. Ba2 exd4 10. Nxd4 Nc5 11. Qf3 {C41: Philidor-Verteidigung} Qb6 {LiveBook: 8 Partien} 12. Bd2 $146 ({Vorgänger:} 12. Bg5 Be6 13. Nxe6 Nxe6 14. Qe3 Qxe3 15. Bxe3 Ng4 16. Bd2 Bh4 17. g3 Bf6 18. Kg2 Nc5 {1-0 (61) Carlsen,M (2786)-Radjabov,T (2751) Cap d'Agde 2008}) 12... Be6 13. Nxe6 {Die Stellung ist ausgeglichen.} fxe6 14. Qh3 {Schwarz muss nun Le3 beachten.} Qxb2 (14... Kh8 $11) 15. Bxe6+ $16 Kh8 $2 {[#]} (15... Nxe6 $16 16. Qxe6+ Rf7) 16. Bf5 $1 $18 g6 $2 (16... Qb4 17. e5 dxe5) 17. Bxg6 {Weiß steht klar auf Gewinn.} Rg8 18. Bf5 Qb6 19. Bf4 Rg7 20. e5 {[%cal Be4e5,Be5d6][%mdl 32]} Ng8 21. exd6 Bf6 22. Rab1 Qa7 23. Qe3 Nd7 24. Qxa7 Rxa7 25. Ne4 Be5 26. Be3 b6 27. f4 Bf6 28. Nxf6 Ngxf6 29. Bxb6 Ra8 30. Bd4 {Precision: Weiß = 84%, Schwarz = 26%.} 1-0

[Event "Vanya Somov Memorial 2018"]
[Site "Kirishi"]
[Date "2018.05.24"]
[Round "9.5"]
[White "Nesterov, Arseniy"]
[Black "Sargsyan, Shant"]
[Result "0-1"]
[WhiteElo "2395"]
[BlackElo "2489"]
[Annotator "TA"]
[PlyCount "86"]
[EventDate "2018.05.15"]
[EventType "tourn"]
[EventRounds "11"]
[EventCountry "RUS"]

{[%evp 12,86,-17,-27,-7,-4,-12,-26,-23,-18,-19,-20,-22,-3,-19,-18,-25,-48,-38,-37,-29,-34,13,5,2,29,8,0,0,0,0,0,0,-3,-15,-18,0,0,0,0,62,63,73,65,384,0,0,-45,-41,-76,-76,-170,-144,-264,-150,-469,-461,-412,-443,-575,-573,-560,-488,-477,-310,-648,-630,-912,-835,-1267,-1258,-1241,-1226,-1120,-1057,-2425,-1895]} 1. d4 Nf6 2. c4 e6 3. Nf3 d5 4. Bg5 Bb4+ 5. Nbd2 dxc4 6. a3 {D30: Queen's Gambit Declined: Systems without Nc3} (6. e3 b5 7. Be2 Bb7 8. O-O O-O 9. b3 c3 10. a3 Be7 11. Nb1 c5 12. Nxc3 a6 13. dxc5 Bxc5 {1-0 (43) Mamedyarov,S (2804)-Caruana,F (2811) Wijk aan Zee 2018}) 6... Bxd2+ 7. Qxd2 {LiveBook: 7 Games} b5 8. a4 {The position is equal.} c6 9. g3 Bb7 10. Bg2 Nbd7 11. Ne5 Qc8 12. O-O O-O 13. e4 a6 {[#]} 14. f4 $146 Qc7 15. Rae1 c5 16. d5 exd5 17. exd5 Qd6 18. Nxd7 Qxd7 19. Bxf6 gxf6 20. Qd1 Rfe8 21. axb5 axb5 22. Qh5 Kg7 23. Rd1 Ra2 24. Bh3 Qd6 25. Bf5 Rh8 (25... h6 $1 $11) 26. Rfe1 $1 $14 {[%mdl 1024] White has compensation.} Raa8 27. Re2 h6 $2 {[%mdl 8192]} (27... Rad8 $14) 28. Qg4+ $2 (28. Be6 $1 $18 {[%csl Ge6][%cal Rh5f7]} Rhf8 29. Bf5) 28... Kf8 $11 29. Bd7 {Threatens to win with Rde1.} h5 30. Qf5 b4 31. Bb5 (31. Kf2 $17) 31... Bc8 32. Re8+ Kg7 33. Qe4 $2 (33. Rxc8 $17 Raxc8 34. Bxc4) 33... Rxe8 $1 $19 34. Bxe8 Bg4 35. Re1 {[#]} Rxe8 $1 {[%mdl 512]} 36. Qxe8 {And now Qc6 would win.} Qxd5 {[%mdl 4096] Endgame KQR-KQB} 37. Qe3 Bf5 38. Re2 $2 {[#]} (38. Kf2) 38... Qd1+ $1 {Black is clearly winning.} 39. Re1 Qd4 40. Qf2 c3 41. bxc3 Qxf2+ 42. Kxf2 {[#]} b3 $1 {[%cal Bb4b3,Bb3b2][%mdl 32]} 43. Ke3 b2 {Precision: White = 51%, Black = 72%.} 0-1

[Event "Vanya Somov Memorial 2018"]
[Site "Kirishi"]
[Date "2018.05.24"]
[Round "9.6"]
[White "Pultinevicius, Paulius"]
[Black "Gharibyan, Mamikon"]
[Result "1/2-1/2"]
[WhiteElo "2402"]
[BlackElo "2269"]
[PlyCount "148"]
[EventDate "2018.05.15"]
[EventType "tourn"]
[EventRounds "11"]
[EventCountry "RUS"]

1. c4 e6 2. e4 d5 3. exd5 exd5 4. d4 Nf6 5. Nc3 Bb4 6. Bd3 O-O 7. Nge2 h6 8. O-O dxc4 9. Bxc4 Nbd7 10. Qc2 Nb6 11. Bb3 c6 12. Rd1 Bd6 13. h3 Nbd5 14. Nxd5 cxd5 15. Bf4 Re8 16. Bxd6 Qxd6 17. Nc3 Bd7 18. Re1 Rac8 19. Qd3 a6 20. Rac1 Bc6 21. Qf5 g6 22. Qf3 Kg7 23. Rcd1 b5 24. Ne2 Bb7 25. Nf4 Rxe1+ 26. Rxe1 a5 27. Qg3 Qc7 28. Re5 Ne4 29. Qe3 Qc1+ 30. Qxc1 Rxc1+ 31. Kh2 Nd2 32. Nd3 Ra1 33. h4 Bc8 34. Kg3 Nxb3 35. axb3 Rd1 36. Nf4 Rxd4 37. Rxd5 Rb4 38. Rd3 Bf5 39. Rc3 Rd4 40. Rc5 Rb4 41. Rc3 g5 42. hxg5 hxg5 43. Nd5 Rd4 44. Rc5 Be6 45. Nc7 Rd3+ 46. f3 b4 47. Nxe6+ fxe6 48. Rxg5+ Kf6 49. Rxa5 Rxb3 50. Ra2 Rd3 51. Kf4 Rd2 52. g4 b3 53. g5+ Kg6 54. Ra6 Kf7 55. Ra7+ Kg6 56. Re7 Re2 57. Kg4 Rg2+ 58. Kf4 Re2 59. Kg4 Rg2+ 60. Kh3 Rxb2 61. Rxe6+ Kxg5 62. Kg3 Rc2 63. Rb6 b2 64. Rb5+ Kf6 65. Kg4 Ke6 66. Rb6+ Kd5 67. f4 Kc4 68. Kg5 Rg2+ 69. Kh6 Kc3 70. f5 Rf2 71. Kg6 Kc2 72. f6 b1=Q 73. Rxb1 Rxf6+ 74. Kxf6 Kxb1 1/2-1/2

[Event "Vanya Somov Memorial 2018"]
[Site "Kirishi"]
[Date "2018.05.25"]
[Round "10.1"]
[White "Shubin, Kirill"]
[Black "Gharibyan, Mamikon"]
[Result "1-0"]
[WhiteElo "2317"]
[BlackElo "2269"]
[PlyCount "85"]
[EventDate "2018.05.15"]
[EventType "tourn"]
[EventRounds "11"]
[EventCountry "RUS"]

1. d4 Nf6 2. c4 e6 3. Nf3 d5 4. g3 Bb4+ 5. Nbd2 O-O 6. Bg2 b6 7. O-O Bb7 8. b3 a5 9. a3 Bd6 10. Qc2 h6 11. Bb2 Nbd7 12. Ne5 Qe7 13. Rfe1 Rfe8 14. Nxd7 Qxd7 15. Rac1 c5 16. cxd5 exd5 17. dxc5 Bxc5 18. Bxf6 gxf6 19. Nb1 Rad8 20. Qd2 Qf5 21. Bf3 Qg5 22. Rcd1 Kg7 23. Kg2 Ba6 24. Qa2 Qe5 25. Rd2 Rd6 26. Red1 Red8 27. b4 Bc4 28. Qb2 axb4 29. axb4 d4 30. bxc5 bxc5 31. e3 Be6 32. exd4 cxd4 33. Na3 Qa5 34. Rd3 Rb6 35. Qd2 Qf5 36. Nc2 Rb2 37. Qc1 Rdb8 38. Nxd4 Qh3+ 39. Kg1 Bg4 40. Bxg4 Qxg4 41. Qf4 Qh3 42. Nf5+ Kh7 43. g4 1-0

[Event "Vanya Somov Memorial 2018"]
[Site "Kirishi"]
[Date "2018.05.25"]
[Round "10.2"]
[White "Sargsyan, Shant"]
[Black "Pultinevicius, Paulius"]
[Result "1/2-1/2"]
[WhiteElo "2489"]
[BlackElo "2402"]
[Annotator "TA"]
[PlyCount "130"]
[EventDate "2018.05.15"]
[EventType "tourn"]
[EventRounds "11"]
[EventCountry "RUS"]

{[%evp 21,130,28,41,4,65,42,47,36,63,62,76,58,51,50,56,64,52,59,61,36,69,39,45,41,58,45,63,32,59,51,56,50,51,17,8,11,106,106,106,101,93,88,110,110,144,144,144,144,144,73,148,148,139,126,126,126,212,148,332,310,349,349,349,349,349,345,342,349,349,345,341,341,334,301,440,290,290,290,290,0,290,290,290,290,289,57,57,8,8,8,8,8,8,8,8,8,8,8,8,8,8,8,8,8,8,0,8,8,8,8,8]} 1. d4 Nf6 2. c4 g6 3. Nc3 d5 4. cxd5 Nxd5 5. e4 Nxc3 6. bxc3 Bg7 7. Be3 c5 8. Rc1 {D85: Grünfeldindisch (Abtauschvariante, 7.Sf3 bzw nicht 7.Lc4)} (8. Nf3 Qa5 9. Nd2 Bd7 10. Rb1 Qxc3 11. d5 b6 12. Bc4 O-O 13. O-O Qa5 14. Qe2 e6 15. e5 exd5 16. Bxd5 Nc6 {½-½ (79) Mamedyarov,S (2799)-Svidler,P (2765) Riadh 2017}) 8... cxd4 9. cxd4 O-O 10. Qd2 b6 11. Nf3 Bb7 {LiveBook: 4 Partien} 12. Bd3 Nc6 (12... e6 $1 $11) 13. d5 $14 Na5 14. O-O Qd7 $146 ({Vorgänger:} 14... e6 15. dxe6 fxe6 16. Rfd1 Qe7 17. Bg5 Qf7 18. Qe3 Rac8 19. Rxc8 Rxc8 20. Bb5 Nc6 21. Qb3 h6 22. Bc4 Na5 {0-1 (22) Johansson,J-Melanko,I Helsinki 1997}) 15. Qb4 Rfc8 $1 16. Bb5 Qd8 17. Nd4 Rxc1 18. Rxc1 Rc8 19. Rxc8 Bxc8 20. f4 Bb7 21. Bf1 Qd7 22. Nb5 Ba6 23. a4 {[%cal Ba2a4,Ba4b5][%mdl 32]} Bxb5 24. axb5 Qd6 25. Qd2 e6 26. dxe6 Qxe6 27. Qd8+ Bf8 28. e5 Qe7 (28... Nb7 $11 {bleibt in der Remisbreite.} 29. Qc7 Bc5 30. Bxc5 Nxc5) 29. Qxe7 $16 Bxe7 {[%mdl 4096] Endspiel KLL-KLS} 30. Kf2 Nb7 31. Kf3 Nc5 32. g4 Bd8 33. f5 Bc7 34. Bf4 Kf8 35. Bc4 ({Besser ist} 35. f6) 35... g5 ({Günstiger ist} 35... gxf5 36. gxf5 Nd7) 36. Bxg5 {Schwarz muss nun Lh6+ beachten.} Bxe5 37. h4 Kg7 38. Be3 Kf8 (38... f6 $16 39. Bd5 Na4) 39. g5 Nb7 $2 {[#]} (39... f6 $16 {ist wohl besser.} 40. Bd2 Kg7) 40. f6 $18 Nd6 41. Bd3 h6 42. Bc1 (42. gxh6 Bxf6 43. Bf4 Be7 $16) 42... hxg5 43. hxg5 ({Schwächer ist} 43. Bxg5 Ne8 $14) 43... Bd4 44. Bf4 Bc5 45. Kg4 Kg8 46. Kh5 Kf8 47. Kh6 Kg8 (47... Ba3 {war einen Versuch wert.} 48. g6 fxg6 49. Kxg6 Nf7) 48. Be5 Bb4 49. Kh5 Bc5 50. Bf4 Kf8 51. g6 fxg6+ 52. Kxg6 Nf7 {Wenn Schwarz jetzt Zeit für ...Ld6 hätte...} 53. Bc4 $2 {[#]} (53. Be4 $18) 53... Bd6 $14 54. Bxd6+ (54. Bxf7 {is more complex.} Bxf4 55. Bc4 Bd2 56. Bd5 Bb4 57. Kf5) 54... Nxd6 {KL-KS. Die Stellung ist ausgeglichen.} 55. Bd3 Kg8 56. Kh5 Kf8 (56... Kf7 $5 57. Kg5 $8 Kg8 $14) 57. Kg4 Kf7 58. Kg5 Kf8 59. Kf4 $1 Nb7 60. Ke5 Nc5 61. Bc4 Nd7+ 62. Kf5 Nc5 63. Ke5 Nd7+ 64. Ke6 Nc5+ 65. Kd6 Ne4+ {Precision: Weiß = 69%, Schwarz = 56%.} 1/2-1/2

[Event "Vanya Somov Memorial 2018"]
[Site "Kirishi"]
[Date "2018.05.25"]
[Round "10.3"]
[White "Kacharava, Nikolozi"]
[Black "Nesterov, Arseniy"]
[Result "1/2-1/2"]
[WhiteElo "2392"]
[BlackElo "2395"]
[PlyCount "59"]
[EventDate "2018.05.15"]
[EventType "tourn"]
[EventRounds "11"]
[EventCountry "RUS"]

1. e4 e5 2. Nf3 Nc6 3. Bc4 Bc5 4. c3 Nf6 5. d3 a6 6. O-O Ba7 7. Bg5 h6 8. Bh4 g5 9. Bg3 d6 10. Nbd2 O-O 11. Re1 Bg4 12. Bb3 Nh5 13. h3 Bxf3 14. Qxf3 Nxg3 15. Qxg3 Qf6 16. Nf3 Kh8 17. Rad1 Rg8 18. Bd5 Ne7 19. Bxb7 Rab8 20. Bxa6 Rxb2 21. Rd2 Rgb8 22. Red1 Rxd2 23. Rxd2 Rb1+ 24. Kh2 Rc1 25. c4 Ng6 26. Bc8 Rf1 27. Bf5 Nh4 28. Bg4 Ng6 29. Bf5 Nh4 30. Bg4 1/2-1/2